| 000 | 00731nam a2200205Ia 4500 | ||
|---|---|---|---|
| 001 | 9814 | ||
| 003 | GE_BSU | ||
| 008 | 181216s||||||||xx |||||||||||||| ||und|| | ||
| 040 | _cGE_BSU | ||
| 080 | _a821.353.1–6 | ||
| 100 | _aორბელიანი, გრიგოლ. | ||
| 245 | _aწერილები .ტ.1 1832-1850 | ||
| 245 | _cაკაკი გაწერელიას რედ. და შენიშვნ.მხატვ.ლ.ქუთათელაძე და ლ.გრიგოლია | ||
| 260 | _aთბილისი | ||
| 260 | _bსახელგამი | ||
| 260 | _c1936 | ||
| 300 | _a320გვ .1ფ.პორტრ.23სმ. | ||
| 653 | _aწერილები | ||
| 942 | _cBK | ||
| 999 |
_c43093 _d43093 |
||